QB Rooms 2025 - Statistics

General Stats
  • This quiz has been taken 34 times
  • The average score is 57 of 85
Answer Stats
Team Answer % Correct
Buffalo Bills Josh Allen
100%
Pittsburgh Steelers Aaron Rodgers
95%
Tennessee Titans Cam Ward
95%
Philadelphia Eagles Jalen Hurts
95%
Cincinnati Bengals Joe Burrow
95%
Baltimore Ravens Lamar Jackson
95%
Tampa Bay Buccaneers Baker Mayfield
90%
Tennessee Titans Brandon Allen
90%
San Francisco 49ers Brock Purdy
90%
Chicago Bears Caleb Williams
90%
Houston Texans C.J. Stroud
90%
Dallas Cowboys Dak Prescott
90%
New York Giants Jaxson Dart
90%
Los Angeles Chargers Justin Herbert
90%
Detroit Lions Kyle Allen
90%
Kansas City Chiefs Patrick Mahomes
90%
New York Giants Russell Wilson
90%
Jacksonville Jaguars Trevor Lawrence
90%
Miami Dolphins Tua Tagovailoa
90%
Denver Broncos Bo Nix
86%
Carolina Panthers Bryce Young
86%
Indianapolis Colts Daniel Jones
86%
New England Patriots Drake Maye
86%
Atlanta Falcons Emory Jones
86%
Las Vegas Raiders Geno Smith
86%
Detroit Lions Jared Goff
86%
Washington Commanders Jayden Daniels
86%
Minnesota Vikings J.J. McCarthy
86%
Green Bay Packers Jordan Love
86%
New York Jets Justin Fields
86%
Atlanta Falcons Kirk Cousins
86%
San Francisco 49ers Mac Jones
86%
Los Angeles Rams Matthew Stafford
86%
Atlanta Falcons Michael Penix Jr.
86%
Seattle Seahawks Sam Darnold
86%
Cleveland Browns Shedeur Sanders
86%
Miami Dolphins Zach Wilson
86%
Cleveland Browns Dillon Gabriel
81%
Cincinnati Bengals Joe Flacco
81%
Arizona Cardinals Kyler Murray
81%
Indianapolis Colts Anthony Richardson
76%
New York Giants Jameis Winston
76%
Arizona Cardinals Jacoby Brissett
71%
Washington Commanders Marcus Mariota
71%
New Orleans Saints Spencer Rattler
71%
New Orleans Saints Tyler Shough
71%
Carolina Panthers Andy Dalton
67%
Minnesota Vikings Carson Wentz
67%
Las Vegas Raiders Kenny Pickett
67%
Pittsburgh Steelers Mason Rudolph
67%
New York Jets Tyrod Taylor
67%
Houston Texans David Mills
62%
Cleveland Browns Deshaun Watson
62%
Kansas City Chiefs Gardner Minshew
62%
Buffalo Bills Mitchell Trubisky
62%
Miami Dolphins Quinn Ewers
57%
Baltimore Ravens Cooper Rush
52%
Seattle Seahawks Drew Lock
52%
Cincinnati Bengals Jake Browning
52%
Los Angeles Rams Jimmy Garoppolo
52%
Green Bay Packers Malik Willis
52%
Tampa Bay Buccaneers Teddy Bridgewater
52%
Seattle Seahawks Jalen Milroe
48%
Philadelphia Eagles Tanner McKee
48%
Los Angeles Chargers Trey Lance
48%
Pittsburgh Steelers Will Howard
48%
Denver Broncos Jarrett Stidham
43%
Dallas Cowboys Joe Milton III
43%
Minnesota Vikings Max Brosmer
43%
Indianapolis Colts Riley Leonard
43%
Las Vegas Raiders Aidan O'Connell
38%
Washington Commanders Josh Johnson
38%
Houston Texans Graham Mertz
33%
Jacksonville Jaguars Nick Mullens
33%
Chicago Bears Tyson Bagent
33%
Tennessee Titans Will Levis
33%
New England Patriots Joshua Dobbs
29%
Los Angeles Rams Stetson Bennett IV
29%
Chicago Bears Case Keenum
24%
Denver Broncos Sam Ehlinger
24%
Philadelphia Eagles Sam Howell
24%
Pittsburgh Steelers Skylar Thompson
24%
New England Patriots Tommy DeVito
24%
San Francisco 49ers Adrian Martinez
19%
San Francisco 49ers Kurtis Rourke
19%
No matching quizzes found
Score Distribution
Percent of People with Each Score
Percentile by Number Answered
Your Score History
You have not taken this quiz